000 00428cam a22001337a 4500
008 180718b1962 xxu||||| |||| 00| 0 eng d
082 _aB835x77434 M871
100 _aMowitz, Robert J.
245 _aProfile of a metropolis: a case book
_cby Robert J. Mowitz and Deil S. Wright
260 _aDetroit
_bWayne State Univ. Press
_c1962
300 _a678p.
650 _aDetroit Metropolitan Area (Mich.).
700 _aWright, Deil S.
999 _c374578
_d374578